Traducir la Biblia

Saved in:
書目詳細資料
Main Authors: Nieuviarts, Jacques (autor), Billon, Gérard (Author)
格式: 圖書
語言:西班牙语
出版: Pamplona Verbo Divino 2013
版:1a. ed
叢編:Cuadernos Bíblicos, 157
主題:
標簽: 添加標簽
沒有標簽, 成為第一個標記此記錄!

MARC

LEADER 00000cam a2200000 a 4500
001 UCD4401
003 CL-VaPUC
008 160708e20130000sp |||||||||||||||||spa|d
020 |a 9788499456072 
082 0 4 |a 220.4  |b NIE  |2 21 
100 |a Nieuviarts, Jacques  |e autor  |9 588061 
700 0 |a Billon, Gérard  |e author  |9 588062 
245 1 0 |a Traducir la Biblia 
250 |a 1a. ed 
300 |a 60 p 
942 |c BK 
945 |d 20160708 23:22:00  |a dcastane 
260 |a Pamplona  |b Verbo Divino  |c 2013 
650 0 |a Biblia  |9 257603 
650 0 |a Traducción e interpretación  |9 315998 
583 |a last modification  |c 20160708 23:22:00  |k Rodrigo Vera 
490 0 |a Cuadernos Bíblicos, 157 
999 |c 365299  |d 365297 
952 |0 0  |1 0  |3 erb  |4 0  |6 220_400000000000000_NIE_2013  |7 0  |8 A  |9 479098  |a BIBTEO  |b BIBTEO  |i 5296188  |o 220.4 NIE 2013  |p 5296188  |r 2025-01-17  |w 2019-11-24  |y BK  |z Catalogado en:20160708  |k ICR